| 000 | 00895cam a2200217 a 4500 | ||
|---|---|---|---|
| 020 | _a0872627810 | ||
| 082 | 0 | 0 |
_a624.068 _bAME _cD |
| 110 | 2 |
_aAmerican Society of Civil Engineers. _9702 |
|
| 245 | 1 | 0 |
_aQuality in the constructed project : _ba guide for owners, designers, and constructors. |
| 260 |
_aNew York, N.Y. : _bAmerican Society of Civil Engineers, _cc1990- |
||
| 300 |
_av. <1 > ; _c28 cm. |
||
| 490 | 1 | _aManuals and reports of engineering practice ; | |
| 500 | _a"Revised version of the preliminary manual published in 1988." | ||
| 500 | _aIncludes index. | ||
| 526 |
_a0 _b0 _c0 _d624_068000000000000_AME |
||
| 650 | 0 |
_aBuilding _xQuality control _xHandbooks, manuals, etc. _937144 |
|
| 650 | 0 |
_aCivil engineering _xSpecifications _xHandbooks, manuals, etc. _937145 |
|
| 650 | 0 |
_aEngineering _xManagement _xHandbooks, manuals, etc. _937146 |
|
| 650 | 0 |
_aMCE _9379 |
|
| 942 |
_2ddc _cBK |
||
| 999 |
_c542047 _d542047 |
||